000 00937pam a2200265 a 4500
001 899130
003 NUST-PNEC
005 20170116180713.0
008 811109s1982 ilua d 000 0 eng
010 _a 81020005
020 _a0870064002
040 _cPNEC
050 0 0 _aT9
_b.G42 1982
082 0 0 _a603.21 GER
_219
100 1 _aGerrish, Howard H.
240 1 0 _aTechnical dictionary
245 1 0 _aGerrish's Technical dictionary :
_btechnical terms simplified /
_cby Howard H. Gerrish.
260 _aSouth Holland, Ill. :
_bGoodheart-Willcox Co.,
_cc1982.
300 _a368 p. :
_bill. ;
_c23 cm.
500 _ahttp://www.amazon.com/Gerrishs-Technical-Dictionary-Terms-Simplified/dp/0870064002/ref=sr_1_1?s=books&ie=UTF8&qid=1413440810&sr=1-1&keywords=0870064002
650 0 _aTechnology
_xDictionaries.
_xGeneral
740 0 _aTechnical dictionary.
906 _a7
_bcbc
_corignew
_d1
_eocip
_f19
_gy-gencatlg
942 _2ddc
_cBK
999 _c61081
_d61081